000 00449nam a2200181Ia 4500
003 GCL
008 140319s9999 xx 000 0 aITALIAN d
040 _aGCL /
_cGCL
082 0 4 _a928.47
_bA T
100 1 _aAUCOUTURIER, MICHEL
245 1 0 _aTOLSTOI /
_cAUCOUTURIER, MICHEL
260 _a[S.N] :
_bSEUIL
650 0 4 _aRUSSIAN LITERATURE
650 0 4 _aBIOGRAPHIES
650 0 4 _aTOLSTOI
650 0 4 _aPERSON IN LITERATURE
942 _2ddc
_cBK
999 _c15202
_d15202